Hands-On Data Analysis with Pandas

Gorde:
Xehetasun bibliografikoak
Egile nagusia: Stefanie Molin
Formatua: Liburua
Argitaratua: Packt
Gaiak:
Etiketak: Etiketa erantsi
Etiketarik gabe, Izan zaitez lehena erregistro honi etiketa jartzen!

MARC

LEADER 00000nam a2200000Ia 4500
005 20260427112641.0
526 |b Data Science 
100 |a Stefanie Molin 
020 |a 9781800563452 
650 |a Data Analysis 
526 |a Bachelors 
942 |c BK 
245 |a Hands-On Data Analysis with Pandas 
260 |b Packt 
999 |c 12  |d 12 
952 |0 0  |1 0  |4 0  |7 0  |8 2  |a BRISTOL  |b BRISTOL  |d 2026-04-22  |l 0  |p 000064  |r 2026-04-27 11:26:42  |w 2026-04-27  |y BK